Comparing a Risky Choice in the Field and across Lab Procedures
Riadené laboratórne experimenty sa stali všeobecne akceptovanou metódou na štúdium ekonomického správania, existujú však dve otázky týkajúce sa spoľahlivosti takejto práce. Prvá sa týka schopnosti zovšeobecniť experimentálne výsledky mimo laboratória. Druhá sa týka vplyvu platobného postupu na pozor...
Gespeichert in:
| 1. Verfasser: | |
|---|---|
| Weitere Verfasser: | , |
| Format: | Buchkapitel |
| Sprache: | Englisch |
| Schlagworte: | |
| Tags: |
Keine Tags, Fügen Sie das erste Tag hinzu!
|
MARC
| LEADER | 00000naa a2200000 4500 | ||
|---|---|---|---|
| 001 | 0235599 | ||
| 005 | 20250224102544.9 | ||
| 041 | 0 | |a eng | |
| 044 | |a NL | ||
| 245 | 1 | 0 | |a Comparing a Risky Choice in the Field and across Lab Procedures |c Zuzana Brokešová, Cary Deck, Jana Péliová |
| 520 | |a Riadené laboratórne experimenty sa stali všeobecne akceptovanou metódou na štúdium ekonomického správania, existujú však dve otázky týkajúce sa spoľahlivosti takejto práce. Prvá sa týka schopnosti zovšeobecniť experimentálne výsledky mimo laboratória. Druhá sa týka vplyvu platobného postupu na pozorované správanie. Empirický pohľad na obe otázky. | ||
| 610 | 2 | 0 | |a správanie |
| 610 | 2 | 0 | |a rozhodovanie |
| 610 | 2 | 0 | |a riziko |
| 610 | 2 | 0 | |a experimenty |
| 100 | 1 | |a Brokešová, Zuzana, 1985- | |
| 700 | 1 | |a Deck, Cary | |
| 700 | 1 | |a Péliová, Jana, 1976- | |